<?xml version="1.0" encoding="UTF-8"?>
<record
    xmlns:xsi="http://www.w3.org/2001/XMLSchema-instance"
    xsi:schemaLocation="http://www.loc.gov/MARC21/slim http://www.loc.gov/standards/marcxml/schema/MARC21slim.xsd"
    xmlns="http://www.loc.gov/MARC21/slim">

  <leader>01748nam a22003135a 4500</leader>
  <controlfield tag="003">EG-ScBUE</controlfield>
  <controlfield tag="005">20221003095158.0</controlfield>
  <controlfield tag="007">ad aafaa</controlfield>
  <controlfield tag="008">110119s2003    ua a   f bc   000 0 ara d</controlfield>
  <datafield tag="017" ind1=" " ind2=" ">
    <subfield code="a">2001 / 9428</subfield>
  </datafield>
  <datafield tag="020" ind1=" " ind2=" ">
    <subfield code="a">977208340</subfield>
  </datafield>
  <datafield tag="040" ind1=" " ind2=" ">
    <subfield code="a">EG-ScBUE</subfield>
    <subfield code="b">ara</subfield>
    <subfield code="e">rda</subfield>
    <subfield code="c">EG-ScBUE</subfield>
    <subfield code="d">EG-ScBUE</subfield>
  </datafield>
  <datafield tag="043" ind1=" " ind2=" ">
    <subfield code="a">f-ua---</subfield>
  </datafield>
  <datafield tag="082" ind1="0" ind2="4">
    <subfield code="a">720.962160223</subfield>
    <subfield code="b">&#x631; &#x632; &#x642;</subfield>
    <subfield code="2">22</subfield>
  </datafield>
  <datafield tag="100" ind1="1" ind2=" ">
    <subfield code="a">&#x631;&#x632;&#x642;&#x60C; &#x639;&#x627;&#x635;&#x645; &#x645;&#x62D;&#x645;&#x62F;&#x60C;</subfield>
    <subfield code="e">&#x645;&#x624;&#x644;&#x641;.</subfield>
    <subfield code="9">22064</subfield>
  </datafield>
  <datafield tag="245" ind1="1" ind2="0">
    <subfield code="a">&#x623;&#x637;&#x644;&#x633; &#x627;&#x644;&#x639;&#x645;&#x627;&#x631;&#x629; &#x627;&#x644;&#x625;&#x633;&#x644;&#x627;&#x645;&#x64A;&#x629; &#x648;&#x627;&#x644;&#x642;&#x628;&#x637;&#x64A;&#x629; &#x628;&#x627;&#x644;&#x642;&#x627;&#x647;&#x631;&#x629; /</subfield>
    <subfield code="c">&#x62A;&#x623;&#x644;&#x64A;&#x641; &#x627;&#x644;&#x62F;&#x643;&#x62A;&#x648;&#x631; &#x639;&#x627;&#x635;&#x645; &#x645;&#x62D;&#x645;&#x62F; &#x631;&#x632;&#x642;.</subfield>
  </datafield>
  <datafield tag="246" ind1="3" ind2="0">
    <subfield code="a">&#x639;&#x645;&#x627;&#x631;&#x629; &#x627;&#x644;&#x625;&#x633;&#x644;&#x627;&#x645;&#x64A;&#x629; &#x648;&#x627;&#x644;&#x642;&#x628;&#x637;&#x64A;&#x629; &#x628;&#x627;&#x644;&#x642;&#x627;&#x647;&#x631;&#x629;</subfield>
  </datafield>
  <datafield tag="250" ind1=" " ind2=" ">
    <subfield code="a">&#x627;&#x644;&#x637;&#x628;&#x639;&#x629; &#x627;&#x644;&#x623;&#x648;&#x644;&#x649;.</subfield>
  </datafield>
  <datafield tag="264" ind1=" " ind2="1">
    <subfield code="a">&#x627;&#x644;&#x642;&#x627;&#x647;&#x631;&#x629; :</subfield>
    <subfield code="b">&#x645;&#x643;&#x62A;&#x628;&#x629; &#x645;&#x62F;&#x628;&#x648;&#x644;&#x64A;&#x60C;</subfield>
    <subfield code="c">2003.</subfield>
  </datafield>
  <datafield tag="300" ind1=" " ind2=" ">
    <subfield code="a">5 &#x62C;&#x632;&#x621; &#x641;&#x64A; 8 &#x645;&#x62C;&#x644;&#x62F; :</subfield>
    <subfield code="b">&#x625;&#x64A;&#x636;&#x627;&#x62D;&#x64A;&#x627;&#x62A; &#x61B;</subfield>
    <subfield code="c">31 &#x633;&#x645;</subfield>
  </datafield>
  <datafield tag="504" ind1=" " ind2=" ">
    <subfield code="a">&#x64A;&#x634;&#x62A;&#x645;&#x644; &#x639;&#x644;&#x649; &#x625;&#x631;&#x62C;&#x627;&#x639;&#x627;&#x62A; &#x628;&#x628;&#x644;&#x64A;&#x648;&#x62C;&#x631;&#x627;&#x641;&#x64A;&#x629;. </subfield>
  </datafield>
  <datafield tag="505" ind1="0" ind2=" ">
    <subfield code="a">&#x62C;. 1. &#x627;&#x644;&#x622;&#x62B;&#x627;&#x631; &#x627;&#x644;&#x648;&#x627;&#x642;&#x639;&#x629; &#x628;&#x64A;&#x646; &#x627;&#x644;&#x641;&#x62A;&#x62D; &#x627;&#x644;&#x639;&#x631;&#x628;&#x64A; &#x648;&#x646;&#x647;&#x627;&#x64A;&#x629; &#x639;&#x635;&#x631; &#x627;&#x644;&#x62F;&#x648;&#x644;&#x629; &#x627;&#x644;&#x623;&#x64A;&#x648;&#x628;&#x64A;&#x629; (21 - 648 &#x647;&#x640; / 641 - 1250 &#x645;) -- &#x62C;. 2 &#x641;&#x64A; 2 &#x645;&#x62C;. &#x622;&#x62B;&#x627;&#x631; &#x639;&#x635;&#x631; &#x62F;&#x648;&#x644;&#x629; &#x627;&#x644;&#x645;&#x645;&#x627;&#x644;&#x64A;&#x643; &#x627;&#x644;&#x628;&#x62D;&#x631;&#x64A;&#x629; (648 - 784 &#x647;&#x640; / 1250 - 1382 &#x645;) -- &#x62C;. 3 &#x641;&#x64A; 2 &#x645;&#x62C;. &#x622;&#x62B;&#x627;&#x631; &#x62F;&#x648;&#x644;&#x629; &#x627;&#x644;&#x645;&#x645;&#x627;&#x644;&#x64A;&#x643; &#x627;&#x644;&#x628;&#x631;&#x62C;&#x64A;&#x629; (784 - 923 &#x647;&#x640; / 1382 - 1517 &#x645;) -- &#x62C;. 4 &#x641;&#x64A; 2 &#x645;&#x62C;. &#x622;&#x62B;&#x627;&#x631; &#x627;&#x644;&#x639;&#x635;&#x631; &#x627;&#x644;&#x639;&#x62B;&#x645;&#x627;&#x646;&#x64A; (923 - 1220 &#x647;&#x640; / 1517 - 1805 &#x645;) -- &#x62C;. 5. &#x622;&#x62B;&#x627;&#x631; &#x639;&#x635;&#x631; &#x645;&#x62D;&#x645;&#x62F; &#x639;&#x644;&#x64A; (1220 - 1372 &#x647;&#x640; / 1805 - 1952 &#x645;)</subfield>
  </datafield>
  <datafield tag="650" ind1=" " ind2="7">
    <subfield code="a">&#x627;&#x644;&#x639;&#x645;&#x627;&#x631;&#x629; &#x627;&#x644;&#x625;&#x633;&#x644;&#x627;&#x645;&#x64A;&#x629;</subfield>
    <subfield code="z">&#x645;&#x635;&#x631;</subfield>
    <subfield code="z">&#x627;&#x644;&#x642;&#x627;&#x647;&#x631;&#x629;</subfield>
    <subfield code="v">&#x623;&#x637;&#x627;&#x644;&#x633;.</subfield>
    <subfield code="2">BUEsh</subfield>
  </datafield>
  <datafield tag="650" ind1=" " ind2="7">
    <subfield code="a">&#x627;&#x644;&#x639;&#x645;&#x627;&#x631;&#x629; &#x627;&#x644;&#x642;&#x628;&#x637;&#x64A;&#x629;</subfield>
    <subfield code="z">&#x645;&#x635;&#x631;</subfield>
    <subfield code="z">&#x627;&#x644;&#x642;&#x627;&#x647;&#x631;&#x629;</subfield>
    <subfield code="v">&#x623;&#x637;&#x627;&#x644;&#x633;.</subfield>
    <subfield code="2">BUEsh</subfield>
  </datafield>
  <datafield tag="651" ind1=" " ind2=" ">
    <subfield code="2">BUEsh</subfield>
  </datafield>
  <datafield tag="653" ind1=" " ind2=" ">
    <subfield code="b">ENGARC</subfield>
    <subfield code="c">January2018</subfield>
  </datafield>
  <datafield tag="655" ind1=" " ind2=" ">
    <subfield code="v">Reading book</subfield>
  </datafield>
  <datafield tag="942" ind1=" " ind2=" ">
    <subfield code="2">ddc</subfield>
  </datafield>
  <datafield tag="999" ind1=" " ind2=" ">
    <subfield code="c">3362</subfield>
    <subfield code="d">3362</subfield>
  </datafield>
  <datafield tag="952" ind1=" " ind2=" ">
    <subfield code="0">0</subfield>
    <subfield code="1">0</subfield>
    <subfield code="2">ddc</subfield>
    <subfield code="4">0</subfield>
    <subfield code="7">0</subfield>
    <subfield code="a">MAIN</subfield>
    <subfield code="b">MAIN</subfield>
    <subfield code="c">2ND</subfield>
    <subfield code="d">2007-04-05</subfield>
    <subfield code="e">Purchase</subfield>
    <subfield code="o">720.962160223 &#x631; &#x632; &#x642;</subfield>
    <subfield code="p">000030509</subfield>
    <subfield code="r">2025-07-15 00:00:00</subfield>
    <subfield code="s">2018-01-18</subfield>
    <subfield code="y">BB</subfield>
    <subfield code="z">&#x62C;. 1</subfield>
  </datafield>
  <datafield tag="952" ind1=" " ind2=" ">
    <subfield code="0">0</subfield>
    <subfield code="1">0</subfield>
    <subfield code="2">ddc</subfield>
    <subfield code="4">0</subfield>
    <subfield code="7">0</subfield>
    <subfield code="a">MAIN</subfield>
    <subfield code="b">MAIN</subfield>
    <subfield code="c">2ND</subfield>
    <subfield code="d">2011-01-19</subfield>
    <subfield code="e">Purchase</subfield>
    <subfield code="o">720.962160223 &#x631; &#x632; &#x642;</subfield>
    <subfield code="p">000030511</subfield>
    <subfield code="r">2025-07-15 00:00:00</subfield>
    <subfield code="y">BB</subfield>
    <subfield code="z">&#x62C;. 2&#x60C; &#x645;&#x62C;. 1</subfield>
  </datafield>
  <datafield tag="952" ind1=" " ind2=" ">
    <subfield code="0">0</subfield>
    <subfield code="1">0</subfield>
    <subfield code="2">ddc</subfield>
    <subfield code="4">0</subfield>
    <subfield code="7">0</subfield>
    <subfield code="a">MAIN</subfield>
    <subfield code="b">MAIN</subfield>
    <subfield code="c">2ND</subfield>
    <subfield code="d">2011-01-19</subfield>
    <subfield code="e">Purchase</subfield>
    <subfield code="o">720.962160223 &#x631; &#x632; &#x642;</subfield>
    <subfield code="p">000030510</subfield>
    <subfield code="r">2025-07-15 00:00:00</subfield>
    <subfield code="y">BB</subfield>
    <subfield code="z">&#x62C;. 2&#x60C; &#x645;&#x62C;. 2</subfield>
  </datafield>
  <datafield tag="952" ind1=" " ind2=" ">
    <subfield code="0">0</subfield>
    <subfield code="1">0</subfield>
    <subfield code="2">ddc</subfield>
    <subfield code="4">0</subfield>
    <subfield code="7">0</subfield>
    <subfield code="a">MAIN</subfield>
    <subfield code="b">MAIN</subfield>
    <subfield code="c">2ND</subfield>
    <subfield code="d">2011-01-19</subfield>
    <subfield code="e">Purchase</subfield>
    <subfield code="o">720.962160223 &#x631; &#x632; &#x642;</subfield>
    <subfield code="p">000030513</subfield>
    <subfield code="r">2025-07-15 00:00:00</subfield>
    <subfield code="y">BB</subfield>
    <subfield code="z">&#x62C;. 3&#x60C; &#x645;&#x62C;. 1</subfield>
  </datafield>
  <datafield tag="952" ind1=" " ind2=" ">
    <subfield code="0">0</subfield>
    <subfield code="1">0</subfield>
    <subfield code="2">ddc</subfield>
    <subfield code="4">0</subfield>
    <subfield code="7">0</subfield>
    <subfield code="a">MAIN</subfield>
    <subfield code="b">MAIN</subfield>
    <subfield code="c">2ND</subfield>
    <subfield code="d">2011-01-19</subfield>
    <subfield code="e">Purchase</subfield>
    <subfield code="o">720.962160223 &#x631; &#x632; &#x642;</subfield>
    <subfield code="p">000030512</subfield>
    <subfield code="r">2025-07-15 00:00:00</subfield>
    <subfield code="y">BB</subfield>
    <subfield code="z">&#x62C;. 3&#x60C; &#x645;&#x62C;. 2</subfield>
  </datafield>
  <datafield tag="952" ind1=" " ind2=" ">
    <subfield code="0">0</subfield>
    <subfield code="1">0</subfield>
    <subfield code="2">ddc</subfield>
    <subfield code="4">0</subfield>
    <subfield code="7">0</subfield>
    <subfield code="a">MAIN</subfield>
    <subfield code="b">MAIN</subfield>
    <subfield code="c">2ND</subfield>
    <subfield code="d">2011-01-19</subfield>
    <subfield code="e">Purchase</subfield>
    <subfield code="o">720.962160223 &#x631; &#x632; &#x642;</subfield>
    <subfield code="p">000030514</subfield>
    <subfield code="r">2025-07-15 00:00:00</subfield>
    <subfield code="y">BB</subfield>
    <subfield code="z">&#x62C;. 4&#x60C; &#x645;&#x62C;. 1</subfield>
  </datafield>
  <datafield tag="952" ind1=" " ind2=" ">
    <subfield code="0">0</subfield>
    <subfield code="1">0</subfield>
    <subfield code="2">ddc</subfield>
    <subfield code="4">0</subfield>
    <subfield code="7">0</subfield>
    <subfield code="a">MAIN</subfield>
    <subfield code="b">MAIN</subfield>
    <subfield code="c">2ND</subfield>
    <subfield code="d">2011-01-19</subfield>
    <subfield code="e">Purchase</subfield>
    <subfield code="o">720.962160223 &#x631; &#x632; &#x642;</subfield>
    <subfield code="p">000030516</subfield>
    <subfield code="r">2025-07-15 00:00:00</subfield>
    <subfield code="y">BB</subfield>
    <subfield code="z">&#x62C;. 4&#x60C; &#x645;&#x62C;. 2</subfield>
  </datafield>
  <datafield tag="952" ind1=" " ind2=" ">
    <subfield code="0">0</subfield>
    <subfield code="1">0</subfield>
    <subfield code="2">ddc</subfield>
    <subfield code="4">0</subfield>
    <subfield code="7">0</subfield>
    <subfield code="a">MAIN</subfield>
    <subfield code="b">MAIN</subfield>
    <subfield code="c">2ND</subfield>
    <subfield code="d">2011-01-19</subfield>
    <subfield code="e">Purchase</subfield>
    <subfield code="o">720.962160223 &#x631; &#x632; &#x642;</subfield>
    <subfield code="p">000030515</subfield>
    <subfield code="r">2025-07-15 00:00:00</subfield>
    <subfield code="y">BB</subfield>
    <subfield code="z">&#x62C;. 5</subfield>
  </datafield>
  <datafield tag="952" ind1=" " ind2=" ">
    <subfield code="0">0</subfield>
    <subfield code="1">0</subfield>
    <subfield code="2">ddc</subfield>
    <subfield code="4">0</subfield>
    <subfield code="7">0</subfield>
    <subfield code="8">Madboly</subfield>
    <subfield code="a">MAIN</subfield>
    <subfield code="b">MAIN</subfield>
    <subfield code="c">2ND</subfield>
    <subfield code="d">2018-01-02</subfield>
    <subfield code="e">Donation</subfield>
    <subfield code="o">720.962160223 &#x631; &#x632; &#x642;</subfield>
    <subfield code="p">000042752</subfield>
    <subfield code="r">2025-07-15 00:00:00</subfield>
    <subfield code="x">&#x625;&#x647;&#x62F;&#x627;&#x621; &#x645;&#x646; &#x645;&#x643;&#x62A;&#x628;&#x629; &#x645;&#x62F;&#x628;&#x648;&#x644;&#x64A;</subfield>
    <subfield code="y">REFERENCE</subfield>
    <subfield code="z">&#x62C;. 1</subfield>
  </datafield>
  <datafield tag="952" ind1=" " ind2=" ">
    <subfield code="0">0</subfield>
    <subfield code="1">0</subfield>
    <subfield code="2">ddc</subfield>
    <subfield code="4">0</subfield>
    <subfield code="7">0</subfield>
    <subfield code="8">Madboly</subfield>
    <subfield code="a">MAIN</subfield>
    <subfield code="b">MAIN</subfield>
    <subfield code="c">2ND</subfield>
    <subfield code="d">2018-01-02</subfield>
    <subfield code="e">Donation</subfield>
    <subfield code="o">720.962160223 &#x631; &#x632; &#x642;</subfield>
    <subfield code="p">000042753</subfield>
    <subfield code="r">2025-07-15 00:00:00</subfield>
    <subfield code="x">&#x625;&#x647;&#x62F;&#x627;&#x621; &#x645;&#x646; &#x645;&#x643;&#x62A;&#x628;&#x629; &#x645;&#x62F;&#x628;&#x648;&#x644;&#x64A;</subfield>
    <subfield code="y">REFERENCE</subfield>
    <subfield code="z">&#x62C;. 2&#x60C; &#x645;&#x62C;. 2</subfield>
  </datafield>
  <datafield tag="952" ind1=" " ind2=" ">
    <subfield code="0">0</subfield>
    <subfield code="1">0</subfield>
    <subfield code="2">ddc</subfield>
    <subfield code="4">0</subfield>
    <subfield code="7">0</subfield>
    <subfield code="8">Madboly</subfield>
    <subfield code="a">MAIN</subfield>
    <subfield code="b">MAIN</subfield>
    <subfield code="c">2ND</subfield>
    <subfield code="d">2018-01-02</subfield>
    <subfield code="e">Donation</subfield>
    <subfield code="o">720.962160223 &#x631; &#x632; &#x642;</subfield>
    <subfield code="p">000042754</subfield>
    <subfield code="r">2025-07-15 00:00:00</subfield>
    <subfield code="x">&#x625;&#x647;&#x62F;&#x627;&#x621; &#x645;&#x646; &#x645;&#x643;&#x62A;&#x628;&#x629; &#x645;&#x62F;&#x628;&#x648;&#x644;&#x64A;</subfield>
    <subfield code="y">REFERENCE</subfield>
    <subfield code="z">&#x62C;. 2&#x60C; &#x645;&#x62C;. 1</subfield>
  </datafield>
  <datafield tag="952" ind1=" " ind2=" ">
    <subfield code="0">0</subfield>
    <subfield code="1">0</subfield>
    <subfield code="2">ddc</subfield>
    <subfield code="4">0</subfield>
    <subfield code="7">0</subfield>
    <subfield code="8">Madboly</subfield>
    <subfield code="a">MAIN</subfield>
    <subfield code="b">MAIN</subfield>
    <subfield code="c">2ND</subfield>
    <subfield code="d">2018-01-02</subfield>
    <subfield code="e">Donation</subfield>
    <subfield code="o">720.962160223 &#x631; &#x632; &#x642;</subfield>
    <subfield code="p">000042755</subfield>
    <subfield code="r">2025-07-15 00:00:00</subfield>
    <subfield code="x">&#x625;&#x647;&#x62F;&#x627;&#x621; &#x645;&#x646; &#x645;&#x643;&#x62A;&#x628;&#x629; &#x645;&#x62F;&#x628;&#x648;&#x644;&#x64A;</subfield>
    <subfield code="y">REFERENCE</subfield>
    <subfield code="z">&#x62C;. 3&#x60C; &#x645;&#x62C;. 2</subfield>
  </datafield>
  <datafield tag="952" ind1=" " ind2=" ">
    <subfield code="0">0</subfield>
    <subfield code="1">0</subfield>
    <subfield code="2">ddc</subfield>
    <subfield code="4">0</subfield>
    <subfield code="7">0</subfield>
    <subfield code="8">Madboly</subfield>
    <subfield code="a">MAIN</subfield>
    <subfield code="b">MAIN</subfield>
    <subfield code="c">2ND</subfield>
    <subfield code="d">2018-01-02</subfield>
    <subfield code="e">Donation</subfield>
    <subfield code="o">720.962160223 &#x631; &#x632; &#x642;</subfield>
    <subfield code="p">000042756</subfield>
    <subfield code="r">2025-07-15 00:00:00</subfield>
    <subfield code="x">&#x625;&#x647;&#x62F;&#x627;&#x621; &#x645;&#x646; &#x645;&#x643;&#x62A;&#x628;&#x629; &#x645;&#x62F;&#x628;&#x648;&#x644;&#x64A;</subfield>
    <subfield code="y">REFERENCE</subfield>
    <subfield code="z">&#x62C;. 3&#x60C; &#x645;&#x62C;. 1</subfield>
  </datafield>
  <datafield tag="952" ind1=" " ind2=" ">
    <subfield code="0">0</subfield>
    <subfield code="1">0</subfield>
    <subfield code="2">ddc</subfield>
    <subfield code="4">0</subfield>
    <subfield code="7">0</subfield>
    <subfield code="8">Madboly</subfield>
    <subfield code="a">MAIN</subfield>
    <subfield code="b">MAIN</subfield>
    <subfield code="c">2ND</subfield>
    <subfield code="d">2018-01-02</subfield>
    <subfield code="e">Donation</subfield>
    <subfield code="o">720.962160223 &#x631; &#x632; &#x642;</subfield>
    <subfield code="p">000042757</subfield>
    <subfield code="r">2025-07-15 00:00:00</subfield>
    <subfield code="x">&#x625;&#x647;&#x62F;&#x627;&#x621; &#x645;&#x646; &#x645;&#x643;&#x62A;&#x628;&#x629; &#x645;&#x62F;&#x628;&#x648;&#x644;&#x64A;</subfield>
    <subfield code="y">REFERENCE</subfield>
    <subfield code="z">&#x62C;. 4&#x60C; &#x645;&#x62C;. 2</subfield>
  </datafield>
  <datafield tag="952" ind1=" " ind2=" ">
    <subfield code="0">0</subfield>
    <subfield code="1">0</subfield>
    <subfield code="2">ddc</subfield>
    <subfield code="4">0</subfield>
    <subfield code="7">0</subfield>
    <subfield code="8">Madboly</subfield>
    <subfield code="a">MAIN</subfield>
    <subfield code="b">MAIN</subfield>
    <subfield code="c">2ND</subfield>
    <subfield code="d">2018-01-02</subfield>
    <subfield code="e">Donation</subfield>
    <subfield code="o">720.962160223 &#x631; &#x632; &#x642;</subfield>
    <subfield code="p">000042758</subfield>
    <subfield code="r">2025-07-15 00:00:00</subfield>
    <subfield code="x">&#x625;&#x647;&#x62F;&#x627;&#x621; &#x645;&#x646; &#x645;&#x643;&#x62A;&#x628;&#x629; &#x645;&#x62F;&#x628;&#x648;&#x644;&#x64A;</subfield>
    <subfield code="y">REFERENCE</subfield>
    <subfield code="z">&#x62C;. 4&#x60C; &#x645;&#x62C;. 1</subfield>
  </datafield>
  <datafield tag="952" ind1=" " ind2=" ">
    <subfield code="0">0</subfield>
    <subfield code="1">0</subfield>
    <subfield code="2">ddc</subfield>
    <subfield code="4">0</subfield>
    <subfield code="7">0</subfield>
    <subfield code="8">Madboly</subfield>
    <subfield code="a">MAIN</subfield>
    <subfield code="b">MAIN</subfield>
    <subfield code="c">2ND</subfield>
    <subfield code="d">2018-01-02</subfield>
    <subfield code="e">Donation</subfield>
    <subfield code="o">720.962160223 &#x631; &#x632; &#x642;</subfield>
    <subfield code="p">000042759</subfield>
    <subfield code="r">2025-07-15 00:00:00</subfield>
    <subfield code="x">&#x625;&#x647;&#x62F;&#x627;&#x621; &#x645;&#x646; &#x645;&#x643;&#x62A;&#x628;&#x629; &#x645;&#x62F;&#x628;&#x648;&#x644;&#x64A;</subfield>
    <subfield code="y">REFERENCE</subfield>
    <subfield code="z">&#x62C;. 5</subfield>
  </datafield>
  <datafield tag="952" ind1=" " ind2=" ">
    <subfield code="0">0</subfield>
    <subfield code="1">0</subfield>
    <subfield code="2">ddc</subfield>
    <subfield code="4">0</subfield>
    <subfield code="7">0</subfield>
    <subfield code="8">Madboly</subfield>
    <subfield code="a">MAIN</subfield>
    <subfield code="b">MAIN</subfield>
    <subfield code="c">2ND</subfield>
    <subfield code="d">2018-01-02</subfield>
    <subfield code="e">Purchase</subfield>
    <subfield code="o">720.962160223 &#x631; &#x632; &#x642;</subfield>
    <subfield code="p">000042760</subfield>
    <subfield code="r">2025-07-15 00:00:00</subfield>
    <subfield code="y">REFERENCE</subfield>
    <subfield code="z">&#x62C;. 1</subfield>
  </datafield>
  <datafield tag="952" ind1=" " ind2=" ">
    <subfield code="0">0</subfield>
    <subfield code="1">0</subfield>
    <subfield code="2">ddc</subfield>
    <subfield code="4">0</subfield>
    <subfield code="7">0</subfield>
    <subfield code="8">Madboly</subfield>
    <subfield code="a">MAIN</subfield>
    <subfield code="b">MAIN</subfield>
    <subfield code="c">2ND</subfield>
    <subfield code="d">2018-01-02</subfield>
    <subfield code="e">Purchase</subfield>
    <subfield code="o">720.962160223 &#x631; &#x632; &#x642;</subfield>
    <subfield code="p">000042761</subfield>
    <subfield code="r">2025-07-15 00:00:00</subfield>
    <subfield code="y">REFERENCE</subfield>
    <subfield code="z">&#x62C;. 2&#x60C; &#x645;&#x62C;. 1</subfield>
  </datafield>
  <datafield tag="952" ind1=" " ind2=" ">
    <subfield code="0">0</subfield>
    <subfield code="1">0</subfield>
    <subfield code="2">ddc</subfield>
    <subfield code="4">0</subfield>
    <subfield code="7">0</subfield>
    <subfield code="8">Madboly</subfield>
    <subfield code="a">MAIN</subfield>
    <subfield code="b">MAIN</subfield>
    <subfield code="c">2ND</subfield>
    <subfield code="d">2018-01-02</subfield>
    <subfield code="e">Purchase</subfield>
    <subfield code="o">720.962160223 &#x631; &#x632; &#x642;</subfield>
    <subfield code="p">000042762</subfield>
    <subfield code="r">2025-07-15 00:00:00</subfield>
    <subfield code="y">REFERENCE</subfield>
    <subfield code="z">&#x62C;. 2&#x60C; &#x645;&#x62C;. 2</subfield>
  </datafield>
  <datafield tag="952" ind1=" " ind2=" ">
    <subfield code="0">0</subfield>
    <subfield code="1">0</subfield>
    <subfield code="2">ddc</subfield>
    <subfield code="4">0</subfield>
    <subfield code="7">0</subfield>
    <subfield code="8">Madboly</subfield>
    <subfield code="a">MAIN</subfield>
    <subfield code="b">MAIN</subfield>
    <subfield code="c">2ND</subfield>
    <subfield code="d">2018-01-02</subfield>
    <subfield code="e">Purchase</subfield>
    <subfield code="o">720.962160223 &#x631; &#x632; &#x642;</subfield>
    <subfield code="p">000042763</subfield>
    <subfield code="r">2025-07-15 00:00:00</subfield>
    <subfield code="y">REFERENCE</subfield>
    <subfield code="z">&#x62C;. 3&#x60C; &#x645;&#x62C;. 1</subfield>
  </datafield>
  <datafield tag="952" ind1=" " ind2=" ">
    <subfield code="0">0</subfield>
    <subfield code="1">0</subfield>
    <subfield code="2">ddc</subfield>
    <subfield code="4">0</subfield>
    <subfield code="7">0</subfield>
    <subfield code="8">Madboly</subfield>
    <subfield code="a">MAIN</subfield>
    <subfield code="b">MAIN</subfield>
    <subfield code="c">2ND</subfield>
    <subfield code="d">2018-01-02</subfield>
    <subfield code="e">Purchase</subfield>
    <subfield code="o">720.962160223 &#x631; &#x632; &#x642;</subfield>
    <subfield code="p">000042764</subfield>
    <subfield code="r">2025-07-15 00:00:00</subfield>
    <subfield code="y">REFERENCE</subfield>
    <subfield code="z">&#x62C;. 3&#x60C; &#x645;&#x62C;. 2</subfield>
  </datafield>
  <datafield tag="952" ind1=" " ind2=" ">
    <subfield code="0">0</subfield>
    <subfield code="1">0</subfield>
    <subfield code="2">ddc</subfield>
    <subfield code="4">0</subfield>
    <subfield code="7">0</subfield>
    <subfield code="8">Madboly</subfield>
    <subfield code="a">MAIN</subfield>
    <subfield code="b">MAIN</subfield>
    <subfield code="c">2ND</subfield>
    <subfield code="d">2018-01-02</subfield>
    <subfield code="e">Purchase</subfield>
    <subfield code="o">720.962160223 &#x631; &#x632; &#x642;</subfield>
    <subfield code="p">000042765</subfield>
    <subfield code="r">2025-07-15 00:00:00</subfield>
    <subfield code="y">REFERENCE</subfield>
    <subfield code="z">&#x62C;. 4&#x60C; &#x645;&#x62C;. 1</subfield>
  </datafield>
  <datafield tag="952" ind1=" " ind2=" ">
    <subfield code="0">0</subfield>
    <subfield code="1">0</subfield>
    <subfield code="2">ddc</subfield>
    <subfield code="4">0</subfield>
    <subfield code="7">0</subfield>
    <subfield code="8">Madboly</subfield>
    <subfield code="a">MAIN</subfield>
    <subfield code="b">MAIN</subfield>
    <subfield code="c">2ND</subfield>
    <subfield code="d">2018-01-02</subfield>
    <subfield code="e">Purchase</subfield>
    <subfield code="o">720.962160223 &#x631; &#x632; &#x642;</subfield>
    <subfield code="p">000042766</subfield>
    <subfield code="r">2025-07-15 00:00:00</subfield>
    <subfield code="y">REFERENCE</subfield>
    <subfield code="z">&#x62C;. 4&#x60C; &#x645;&#x62C;. 2</subfield>
  </datafield>
  <datafield tag="952" ind1=" " ind2=" ">
    <subfield code="0">0</subfield>
    <subfield code="1">0</subfield>
    <subfield code="2">ddc</subfield>
    <subfield code="4">0</subfield>
    <subfield code="7">0</subfield>
    <subfield code="8">Madboly</subfield>
    <subfield code="a">MAIN</subfield>
    <subfield code="b">MAIN</subfield>
    <subfield code="c">2ND</subfield>
    <subfield code="d">2018-01-02</subfield>
    <subfield code="e">Purchase</subfield>
    <subfield code="o">720.962160223 &#x631; &#x632; &#x642;</subfield>
    <subfield code="p">000042767</subfield>
    <subfield code="r">2025-07-15 00:00:00</subfield>
    <subfield code="y">REFERENCE</subfield>
    <subfield code="z">&#x62C;. 5</subfield>
  </datafield>
</record>
